| 000 | 00403nam a2200109Ia 4500 | ||
|---|---|---|---|
| 008 | 171212s9999 xx 000 0 und d | ||
| 100 | _aPorter, Chloe | ||
| 245 |
_cPorter, Chloe _aMaking and unmaking in early modern English drama _bSpectators, aesthetics and incompletion |
||
| 260 |
_bManchester University Press _c2013 |
||
| 650 | _aLanguage & Literature | ||
| 856 | _uhttp://jstor.org/stable/j.ctt18mbg5k | ||
| 999 |
_c351513 _d351513 |
||